Acerca de algunos problemas teóricos y metodológicos en el análisis del movimiento obrero en América Latina (Tesis) /

Expone aspectos teóricos y metodológicos para abordar el análisis del movimiento obrero en América Latina, desde una óptica interpretativa y no sólo descriptiva, cono se ha venido haciendo. Analiza las implicaciones de esa perspectiva metodológica dentro de la lógica interna de la clase obrera indus...

全面介紹

Guardado en:
書目詳細資料
主要作者: Boris, Dieter
格式: Texto
主題:
標簽: 添加標簽
沒有標簽, 成為第一個標記此記錄!

MARC

LEADER 00000 a a2200000 04500
001 8539
003
040
100 |a Boris, Dieter  
245 |a Acerca de algunos problemas teóricos y metodológicos en el análisis del movimiento obrero en América Latina (Tesis) /  |c Dieter Boris 
520 |a Expone aspectos teóricos y metodológicos para abordar el análisis del movimiento obrero en América Latina, desde una óptica interpretativa y no sólo descriptiva, cono se ha venido haciendo. Analiza las implicaciones de esa perspectiva metodológica dentro de la lógica interna de la clase obrera industrial, en el contexto de las tendencias de la acumulación capitalista y la coyuntura en la que se encuentra. CEM/mb  
650 |a METODOLOGIA  
650 |a MOVIMIENTOS OBREROS  
650 |a SINDICATOS  
650 |a SUBDESARROLLO  
650 |a DEPENDENCIA ECONOMICA  
650 |a CAMBIO SOCIAL  
650 |a DESARROLLO ECONOMICO Y SOCIAL  
773 |g volumen 6, número 2; páginas 56-64  
999 |c 25015  |d 25015